Estimating and costing in civil engineering theory and practice (Record no. 549797)
[ view plain ]
| 000 -LEADER | |
|---|---|
| fixed length control field | 00717nam a2200217 i 4500 |
| 020 ## - INTERNATIONAL STANDARD BOOK NUMBER | |
| International Standard Book Number | 0070826102 : |
| 082 00 - DEWEY DECIMAL CLASSIFICATION NUMBER | |
| Classification number | 692.5 |
| Author Mark | DUT |
| -- | L-14-P142 |
| 100 1# - MAIN ENTRY--PERSONAL NAME | |
| Personal name | Dutta's , BN. |
| 9 (RLIN) | 46456 |
| 245 10 - TITLE STATEMENT | |
| Title | Estimating and costing in civil engineering theory and practice |
| Statement of responsibility, etc. | BN ,Dutta |
| 250 ## - EDITION STATEMENT | |
| Edition statement | 16th ed. |
| 260 ## - PUBLICATION, DISTRIBUTION, ETC. | |
| Place of publication, distribution, etc. | Lucknow ; |
| Name of publisher, distributor, etc. | S,Dutta and Company, |
| Date of publication, distribution, etc. | 1984. |
| 300 ## - PHYSICAL DESCRIPTION | |
| Extent | xv, 904 p. : |
| Other physical details | ill. ; |
| Dimensions | 24 cm. |
| 500 ## - GENERAL NOTE | |
| General note | Includes index. |
| 526 ## - STUDY PROGRAM INFORMATION NOTE | |
| Program name | 0 |
| Interest level | 0 |
| Reading level | 0 |
| Title point value | 692_500000000000000_DUT |
| 526 ## - STUDY PROGRAM INFORMATION NOTE | |
| Program name | 0 |
| Interest level | 0 |
| Reading level | 0 |
| Title point value | 692_500000000000000_DUT |
| 526 ## - STUDY PROGRAM INFORMATION NOTE | |
| Program name | 0 |
| Interest level | 0 |
| Reading level | 0 |
| Title point value | 692_500000000000000_DUT |
| 650 #0 - SUBJECT ADDED ENTRY--TOPICAL TERM | |
| Topical term or geographic name entry element | Building |
| General subdivision | Estimates. |
| Topical term following geographic name entry element | Costing. |
| 9 (RLIN) | 46457 |
| 650 #0 - SUBJECT ADDED ENTRY--TOPICAL TERM | |
| Topical term or geographic name entry element | MCE |
| 9 (RLIN) | 379 |
| 700 ## - ADDED ENTRY--PERSONAL NAME | |
| Personal name | Revised by Umar Vawada , M.A Aziz |
| 9 (RLIN) | 46458 |
| 942 ## - ADDED ENTRY ELEMENTS (KOHA) | |
| Source of classification or shelving scheme | |
| Koha item type | Book |
| Withdrawn status | Lost status | Source of classification or shelving scheme | Damaged status | Not for loan | Permanent Location | Current Location | Date acquired | Total Checkouts | Total Renewals | Full call number | Barcode | Date last seen | Date last checked out | Price effective from | Koha item type |
|---|---|---|---|---|---|---|---|---|---|---|---|---|---|---|---|
| Military College of Engineering (MCE) | Military College of Engineering (MCE) | 10/14/2014 | 5 | 1 | 692.5 DUT | MCE-11647 | 01/31/2020 | 12/21/2019 | 03/14/2021 | Book | |||||
| Military College of Engineering (MCE) | Military College of Engineering (MCE) | 11/26/2015 | 6 | 3 | 692.5 DUT | MCE-11646 | 02/03/2020 | 01/14/2020 | 03/14/2021 | Book | |||||
| Military College of Engineering (MCE) | Military College of Engineering (MCE) | 04/17/2017 | 5 | 2 | 692.5 DUT | MCE-5461 | 11/23/2020 | 01/04/2020 | 03/14/2021 | Book |
